Top 20 NBA Centers of All Time - Statistics

General Stats
  • This quiz has been taken 46 times
    28 since last reset
  • The average score is 16 of 20
Answer Stats
Hint Answer Height Known For % Correct
2. Shaquille O'Neal 7'1 Most Physically Dominant Force, Two-Way Force
100%
5. Bill Russell 6'10 Most Rings Ever, Elite Defender, Pioneer
95%
3. Hakeem Olajuwon 7'0 Greatest Defender Ever, 2 Rings, 2 FMVPs
95%
1. Kareem Abdul-Jabbar 7'2 Longevity, Two-Way Force, Greatest Scoring Big
95%
4. Wilt Chamberlain 7'1 Highest PPG, Elite Defender, Dominant Force
95%
6. Nikola Jokic 6'11 Greatest Passing Big, 3 MVPs, Shooting Big
91%
11. Bill Walton 6'11 MVP, 6MOTY, 2 Rings, Carried Blazers
86%
9. David Robinson 7'1 MVP, Quadruple Double, Dominant Force
86%
8. Dwight Howard 6'10 3-peat DPOYs, Dominant Force, Explosive
86%
7. Moses Malone 6'10 Greatest Rebounder, 3 MVPs, Drafted from HS
86%
12. Patrick Ewing 7'0 Two-Way Force, Elite Scorer, Elite Rim Protector
82%
10. Dikembe Mutombo 7'2 4-Time DPOY, Second Greatest Rim Protector
77%
17. George Mikan 6'10 Big Man Pioneer, Led to Rule Changes
77%
15. Ben Wallace 6'9 4-Time DPOY, Dominant Force, Elite Rebounder
73%
18. Robert Parish 7'1 Longevity, Rim Protector, 4 Rings
68%
20. Alonzo Mourning 6'10 2-Time DPOY, Won Ring After Kidney Transplant
59%
14. Willis Reed 6'10 2 Rings, MVP, Played Thru Injuries
59%
16. Dave Cowens 6'9 Versatility, MVP, 2 Rings
55%
19. Nate Thurmond 6'11 Defender & Rebounder, First Quadruple Double
50%
13. Bob McAdoo 6'9 First Shooting Big, MVP, 2 Rings
45%
No matching quizzes found
Score Distribution
Percent of People with Each Score
Percentile by Number Answered
Your Score History
You have not taken this quiz since the last reset